01605nam a2200397Ic 450000100060000000300100000600500170001600700030003300800410003602000180007704000350009504100130013008200200014310000520016324502390021525000450045426400520049930000240055133600270057533700330060233800280063549000380066350400640070153400520076554500550081765000420087265000460091465000220096065000520098265000310103465000250106570000300109070000290112070000340114970000240118358395CO-BoRNBP20250822140923.0ta210817r20112014mx er 000 0 spa d a9786071606464 aCO-BoRNBPbspaerdacCO-BoRNBP1 aspaaeng04a291.1bF71r222 aFrazer, James George, Sir,d1854-1941cSireaut13aLa rama dorada :bmagia y religión /cSir James George Frazer ; edición, introducción y notas Robert Fraser ; traducción de Elizabeth y Tadeo I. Campuzano ; traducción de textos de la nueva edición Óscar Figueroa Castro. aTercera ediciónbTercera reimpresión 1aMéxico :bFondo de Cultura Económica,c2019 axlix, 645 páginas atextobtxt2rdacontent asin mediaciónbn2rdamedia avolumenbnc2rdacarrier0 aSección obras de antropología aIncluye referencias bibliográficas e índice analítico tThe golden bough: a study in magic and religion aIncluye datos biográficos del autor en la solapa07aAntropología de la religión2LEMB07aCivilización occidentalxHistoria2lemb07aMitología2lemb07aNaturaleza (En religión, folclor, etc.)2lemb07aReligión primitiva2lemb07aSupersticiones2LEMB aCampuzano, Elizabethetrl aCampuzano, Tadeo I.etrl aFigueroa Castro, Óscaretrl aFraser, Roberteedt